书目信息 |
| 题名: |
高速公路市场化养护管理
|
|
| 作者: | 孟建党 , 李海滨 , 郑木莲 编著 | |
| 分册: | ||
| 出版信息: | 北京 中国建筑工业出版社 2013.03 |
|
| 页数: | 275页 | |
| 开本: | 26cm | |
| 丛书名: | ||
| 单 册: | ||
| 中图分类: | U418.2 | |
| 科图分类: | ||
| 主题词: | 高速公路--gao su gong lu--公路养护--管理 | |
| 电子资源: | ||
| ISBN: | 978-7-112-14930-8 | |
| 000 | 00885nam0 2200253 450 | |
| 001 | 0100005472 | |
| 005 | 20191104111946.31 | |
| 010 | @a978-7-112-14930-8@dCNY49.00 | |
| 100 | @a20130412d2013 em y0chiy50 ea | |
| 101 | 0 | @achi |
| 102 | @aCN@b110000 | |
| 105 | @aak a 000yy | |
| 200 | 1 | @a高速公路市场化养护管理@Agao su gong lu shi chang hua yang hu guan li@f孟建党, 李海滨, 郑木莲编著 |
| 210 | @a北京@c中国建筑工业出版社@d2013.03 | |
| 215 | @a275页@c图@d26cm | |
| 330 | @a本书系统阐述了高速公路的养护管理现状、养护管理体制和模式、市场化养护管理的理念和实施步骤、信用评价体系的构建过程等。 | |
| 606 | 0 | @a高速公路@Agao su gong lu@x公路养护@x管理 |
| 690 | @aU418.2@v5 | |
| 701 | 0 | @a孟建党@Ameng jian dang@4编著 |
| 701 | 0 | @a李海滨@Ali hai bin@4编著 |
| 701 | 0 | @a郑木莲@Azheng mu lian@4编著 |
| 801 | @aCN@c20130701 | |
| 901 | @a000 | |
| 905 | @eM585@dU418.2@b844762-4@f3 | |
| 高速公路市场化养护管理/孟建党, 李海滨, 郑木莲编著.-北京:中国建筑工业出版社,2013.03 |
| 275页:图;26cm |
| ISBN 978-7-112-14930-8:CNY49.00 |
| 本书系统阐述了高速公路的养护管理现状、养护管理体制和模式、市场化养护管理的理念和实施步骤、信用评价体系的构建过程等。 |
| ● |
| 相关链接 |
|
|
|
正题名:高速公路市场化养护管理
索取号:U418.2/M585
 
预约/预借
| 序号 | 登录号 | 条形码 | 馆藏地/架位号 | 状态 | 备注 |
| 1 | 1449713 | 214497132 | 自科库501/501自科库 53排6列1层/ [索取号:U418.2/M585] | 在馆 | |
| 2 | 1449714 | 214497141 | 自科库501/501自科库 53排6列1层/ [索取号:U418.2/M585] | 在馆 | |
| 3 | 1449715 | 214497150 | 自科库501/501自科库 53排6列1层/ [索取号:U418.2/M585] | 在馆 | |
| 4 | 1449716 | 214497169 | 自科库501/501自科库 53排6列1层/ [索取号:U418.2/M585] | 在馆 | |
| 5 | 1449717 | 214497178 | 自科库501/501自科库 53排6列1层/ [索取号:U418.2/M585] | 在馆 | |
| 6 | 1449718 | 214497187 | 自科库501/501自科库 53排6列1层/ [索取号:U418.2/M585] | 在馆 | |
| 7 | 844762 | 208447625 | 自科库501/501自科库 53排6列1层/ [索取号:U418.2/M585] | 在馆 | |
| 8 | 844763 | 208447634 | 土木与交通工程学院资料室/201建筑库 50排2列1层/ [索取号:U418.2/M585] | 在馆 | |
| 9 | 844764 | 208447643 | 自科库501/501自科库 53排6列1层/ [索取号:U418.2/M585] | 在馆 |